Normal view
MARC view
Entry Topical Term
001 - CONTROL NUMBER
- control field: 30646
003 - CONTROL NUMBER IDENTIFIER
- control field: ARRUPE
005 - DATE AND TIME OF LATEST TRANSACTION
- control field: 20170510080950.0
008 - FIXED-LENGTH DATA ELEMENTS
- fixed length control field: 170510|| aca||aabn | a|a d
040 ## - CATALOGING SOURCE
- Original cataloging agency: ARRUPE
- Transcribing agency: ARRUPE
150 ## - HEADING--TOPICAL TERM
- Topical term or geographic name as entry element: Imperial British East Africa Company
670 ## - SOURCE DATA FOUND
- Source citation: Work cat.: (ARRUPE)13329: Galbraith, John S. 30644, Mackinnon and East Africa 1878-1895, 1972